000
00321nam a22001457a 4500
003
OSt
020
_a
9390455308
082
_a
338.064 DUI
100
_a
DUBEY, Sanjiva Shankar
245
_a
Innovation with IT 4.0
250
_a
2nd
260
_a
New Delhi
_b
Wiley India Pvt Ltd
_c
2022
300
_a
240
942
_2
ddc
_c
BK
999
_c
11329
_d
11329